000 00375nam a22001577a 4500
003 MPLRDC
005 20220104143938.0
008 210129b ||||| |||| 00| 0 eng d
082 _a490.7 XSYTL-2
100 _a系山英太郎著; 余阿勋译
245 _a经商妙法
_c
260 _a
_b世界出版社
_c
300 _b
650 _a
942 _cBK
_o490.7 XSYTL-2
999 _c44886
_d44876